000 00941nam a2200265Ia 4500
005 20220317001229.0
008 160825s2004 ck a g 000 0 spa
020 _a9589342140
082 0 4 _a021.2
_bC67b
100 1 _aCorrea Ulloa, Juan David
_d1976-
245 1 4 _aLas bibliotecas cuentan
_cinvestigación y textos Juan David Correa Ulloa
250 _a1a. edición
300 _a217 páginas
_bilustraciones
_c24 cm
650 1 4 _2LEMB
_aBibliotecas públicas
_zColombia
650 1 4 _2LEMB
_aBibliotecas públicas
_xHistoria
_zColombia
650 1 4 _2LEMB
_aPromoción de lectura
650 1 4 _2LEMB
_aAdministración de bibliotecas públicas
_zColombia
650 1 4 _2LEMB
_aBibliobuses
_zColombia
942 _2ddc
_cBK
264 _aBogotá
_bFundalectura
_c2004
336 _atexto
_btxt
_2rdacontent
337 _asin mediación
_bn
_2rdamedia
338 _avolumen
_bnc
_2rdacarrier
040 _aCO-BoRNBP
_bspa
_erda
_cCO-BoRNBP
999 _c6321
_d6321